000 00604cam a22002054a 4500
005 20250605164309.0
008 250528s ||||||||||||||||||||||||d
035 _a22422
020 _a9789604554423
040 _aGR-AtMCL
_bgre
_dGR-AtMCL
_eAACR2
245 1 _aΛΟΓΟΣ ΚΑΙ ΚΟΙΝΩΝΙΚΗ ΨΥΧΟΛΟΓΙΑ / ΠΕΡΑ ΑΠΟ ΤΙΣ ΣΤΑΣΕΙΣ ΚΑΙ ΤΗ ΣΥΜΠΕΡΙΦΟΡΑ
250 _a1
260 _bΜεταίχμιο,
_c2009
300 _a320
700 1 _aPotter Jonathan
_9248
700 1 _aWetherell Margaret
_9249
942 _cBK
999 _c7474
_d7474